| 000 | 00700nam a2200217 a 4500 | ||
|---|---|---|---|
| 001 | 73056 | ||
| 003 | BD-RjUL | ||
| 005 | 20211209082338.0 | ||
| 008 | 810618s1981 maua b 001 0 eng | ||
| 035 | _a(BD-RjUL)73274 | ||
| 040 |
_aDLC _cDLC _dDLC _dBD-RjUL _beng |
||
| 041 | _aeng | ||
| 082 | 0 | 0 |
_223 _a609.73 _bTEC 1980 |
| 245 | 1 | 0 |
_aTechnology in America : _ba history of individuals and ideas / _cedited by Carroll W. Pursell |
| 260 |
_aCambridge, Mass. : _bMIT Press, _cc1989 [reprinted 19080] |
||
| 300 |
_axi, 265 p. : _bill. ; _c21 cm. |
||
| 504 | _aIncludes Bibliography and .index. | ||
| 650 | 0 |
_aTechnology _zUnited States _9216093 |
|
| 700 | 1 |
_aPursell, Carroll W. _9216094 |
|
| 942 |
_2ddc _cBK |
||
| 999 |
_c73056 _d73056 |
||